| 000 | 00863nam a2200265 i 4500 | ||
|---|---|---|---|
| 001 | bg | ||
| 100 | 1 | _aSKOBLIK, Robert | |
| 245 | 1 | 0 |
_aOdlewnictwo i obróbka plastyczna : _blaboratorium / _cRobert Skoblik, Lech Wilczewski ; Politechnika Gdańska. |
| 260 |
_aGdańsk : _bWydaw. PG, _c1997. |
||
| 300 |
_a193 s. : _brys., wykr. ; _c24 cm. |
||
| 504 | _aBibliogr. s. 192-193. | ||
| 521 | _aSkrypt przeznaczony dla studentów Wydz. Mechanicznego i Wydz. Oceanotechniki i Okrętownictwa. | ||
| 650 | 9 |
_aMetale _xobróbka plastyczna |
|
| 650 | 9 | _aOdlewnictwo | |
| 655 | _aPodręczniki akademickie | ||
| 700 | 1 | _aWILCZEWSKI, Lech | |
| 710 | 0 | _aPOLITECHNIKA GDAŃSKA (Gdańsk) | |
| 020 | _a8386537582 | ||
| 040 | _cBPK | ||
| 041 | 0 | _apl | |
| 080 | _a621.74(075.8) | ||
| 920 | _a83-86537-58-2 | ||
| 942 | _cKS | ||
| 008 | s pl f |000 0 pol | ||
| 999 |
_c32923 _d32923 |
||
| 856 |
_uhttp://koha.tu.koszalin.pl/cgi-bin/koha/opac-detail.pl?biblionumber=32923 _yKatalog online BPK |
||